1918 1763 1168 1876 1303 1682 1478 1004 1177 1796 1694 1966 1050 1361 1168 1720 1947 1886 1449 1280 1620 1275 1419 1341 1916 1039 1215 1641 1599 1033 1524 1852 1236 1586 1499 1438 1829 1216 1994 1843 1694 1520 1887 1174 1163 1251 1962 1159 1841 1883 1612 1458 1034 1687 1231 1938 1411 1834 1619 1783 1216 1470 1137 1375 1375 1318 1579 1427 1450 1641 1644 1606 1036 1353 1449 1437 1170 1843 1537 1285 1476 1899 1379 1669 1440 1510 1889 1138 1556 1580 1627 1670 1925 1104 1732 1374 1993 1263 1599 BCNSPRNW ULIB Ver.6.0+V

เปลี่ยนเป็นภาษาไทย

Change to English
 แสดงรายละเอียดบรรณานุกรม
  กลับหน้าหลัก

Brief Record : Get Marc (ISO 2709) : E-mail record : QR code < ปิดหน้าต่าง
LEADER : 00000nam 2200000uu 4500
001    13399127088
003     ULIB
008    191010s2560||||th 000 0 tha d
020    ^a9786162321580
060    ^aWS103^bฌ-ว
100    ^aเฌอ
245    ^aเวลาของลูกหว้า นิทานคำสอนของพ่อ (หลวง) ชุดที่ ่ 1 เล่ม 5 (สองภาษา ไทย-อังกฤษ)
250    ^aพิมพ์ครั้งที่ 1
260    ^aกรุงเทพฯ :^bบริษัท บีเวล พับลิชชิ่ง จำกัด,^c2560
300    ^a12 หน้า;^b19 ซม.
650    ^aเด็ก^xการเรียนการสอน
945    ^p35^l0^i006276
999    ^aประนอม เกษจรัล
รายการนี้ยังไม่มีแท็ก
คุณยังไม่ได้ล็อกอิน คุณสามารถมีกิจกรรมร่วมกับเว็บไซต์ได้ แต่ต้องล็อกอินก่อน ::
  ล็อกอิน

รายการสื่อสารสนเทศ

ลำดับที่ ประเภท เลขเรียก/บาร์โค้ด สถานที่ สถานะ
1. วิทยาศาสตร์การแพทย์ และสุขภาพ
วิทยาศาสตร์การแพทย์ และสุขภาพ
WS103 ฌ-ว ฉ.1 
  Barcode: 006276
ห้องสมุดวิทยาเขตสวรรค์ประชารักษ์
►หนังสือทั่วไป
บนชั้น

รายการใกล้เคียง
    ผู้แต่ง [เฌอ]

BibComment


ยังไม่เคยถูกคอมเมนท์

คอมเมนท์ทรัพยากรรายการนี้
  คอมเมนท์: เวลาของลูกหว้า น..


 Copyright 2026. Bcnsprnw @Library